00763nam a2200241Ia 4500008004100000020001800041050001700059050001800076100002000094245002700114245003500141245003400176260001500210260002400225260000900249300001600258300002000274300001100294500005100305650002100356999001900377952012500396180523s9999 xx 000 0 und d a0-333-94993-5 aMAIN HF 5387 b.M45 2003 c.1 aMellahi, Kamel. 4aThe Ethical business : 0bchallenges and controversies / 0cKamel Mellahi, Geoffrey Wood. aNew York : bPalgrave Macmillan, c2003 a166 pages : billustrations ; c23 cm. aIncludes bibliographical references and index. aBusiness ethics. c357025d357025 001040aSMCbSMCcMAINd2005-03-07g2.00l0oMAIN HF 5387 .M45 2003 c.1pSMC00825r2018-05-23 00:00:00w2018-05-23yBK